000 01528nam a2200361 i 4500
001 194991
003 SpMaBN
005 20241004141743.0
007 ta
008 240523s2009 sp a | ||||o000 0 spa
017 _aM 30435-2009
_bOficina Depósito Legal Madrid
035 _a(OCoLC)733855495
035 _aa4675100
040 _aSpMaBN
_bspa
_cSpMaBN
_erdc
_dES-MaACL
080 _a726.7(460.189 Navas del Marqués)
100 1 _aMartín Martín, Teodoro
_0XX894691
_977556
245 1 3 _aEl Convento de San Pablo en Las Navas del Marqués /
_cTeodoro Martín Martín.
260 _aLas Navas del Marqués :
_bAyuntamiento de Las Navas del Marqués,
_c2009.
300 _a118 p., [8] p. de lám. col. :
_bil., planos ;
_c24 cm
336 _2rdacontent
_atexto
337 _2rdamedia
_asin mediación
338 _2rdacarrier
_avolumen
500 _aCatalogación provisional. Signatura: N 8668. Depósito J.
610 2 7 _aConvento de San Pablo (Las Navas del Marqués)
_2embne
_9236614
651 7 _aLas Navas del Marqués
_xEdificios, estructuras, etc.
_2embne
_9236615
852 _aES-MaACL
_bR.153023
_cDEPOJ
_jN-8668
_gDedicatoria autógrafa del autor
_hDonación: Teodoro Martín Martín
_9202655
_zEn proceso
903 _977556
_aMartín Martín, Teodoro
_ednr
942 _n0
_cMONOGRAFIA
999 _c194991
_d194991